000 00591nam a2200229Ia 4500
003 0100
008 130227s9999 xx 000 0 und d
020 _a0664248373
040 _cARRUPELIB
050 _aBL1032.K5 1968
100 _aKitagawa, Joseph Mitsuo
245 _aReligions of the East
260 _aPhiladelphia
260 _bWestminster Press
260 _C1968
300 _a351p
300 _b 20cm
650 _bWomen in development - Tanzania
650 _cWomen - Government policy - Tanzania
650 _dWomen - Tanzania - Social conditions
942 _2lcc
_04
999 _c5300
_d5300